Qualitative Research : Analysis types and software tools
| Main Author: | |
|---|---|
| Format: | Book |
| Published: |
New York :
Falmer Press ,
1990
|
| Subjects: |
MARC
| LEADER | 00000cam a2200000 7i4500 | ||
|---|---|---|---|
| 001 | 0000000220 | ||
| 005 | 20050422.0 | ||
| 020 | |a 1850006091 | ||
| 040 | |a INS | ||
| 090 | 0 | 0 | |a H62. |b T37 1990 |
| 100 | 1 | |a Tesch, Renata | |
| 245 | 1 | 0 | |a Qualitative Research : |b Analysis types and software tools |c Renata Tesch |
| 260 | |a New York : |b Falmer Press , |c 1990 | ||
| 300 | |a 330p. ; |c 23 cm. | ||
| 650 | 0 | 0 | |a Social Sciences |x Research |x Data processing |
| 999 | |a 0000003934 |b BOOK |c Open Shelf |e Default branch | ||